000 00193nam a22000977a 4500
999 _c40026
_d40026
100 _aS. Chamebat
245 _aDushi Prajapati
260 _aDaniwala library
_c1968
300 _a78
942 _cBK